|
|
|
|
| LEADER |
00000nab a2200000 ar4500 |
| 001 |
vtls011424710 |
| 003 |
SK-MaSNL |
| 005 |
20260305031137.0 |
| 008 |
151126c2014 xo mr|p|||||||000 b|slo |
| 038 |
|
|
|a SNSK
|
| 040 |
|
|
|b slo
|c SNSK
|e AACR2
|
| 041 |
|
|
|a slo
|
| 044 |
|
|
|a xo
|c SK
|
| 080 |
|
|
|a 656.11
|x (437.672.121.142)
|2 2001
|
| 245 |
0 |
0 |
|a Pravda o diaľničnom privádzači
|c [autor]*red
|
| 650 |
0 |
7 |
|a diaľnice
|2 snsk
|9 14603
|
| 650 |
0 |
7 |
|a diaľničné privádzače
|2 snsk
|9 1106658
|
| 650 |
0 |
7 |
|a výstavba
|2 snsk
|9 29373
|
| 651 |
|
7 |
|a Spišská Nová Ves (Slovensko : okres)
|2 snsk
|9 22259
|
| 773 |
0 |
|
|t Ičko. Informátor. Kultúrno-spoločenský mesačník mesta Spišská Nová Ves
|g Č. 6/2014, s. 5
|
| 852 |
|
|
|a SNSK
|b KIS3GCP
|
| 999 |
|
|
|c 3314913
|d 3316843
|